Statystyki dla Linia 931 - ZTM Katowice

Kliknij tutaj aby rozwiązać quiz!

Ogólne statystyki

  • Ten quiz został rozwiązany 13 razy
  • Średni wynik to 31 z 36

Statystyki odpowiedzi

MiastoPrzystanek% Poprawnych
MysłowiceBrzęczkowice Kościół
100%
MysłowiceBrzęczkowice Ogródki Działkowe
100%
MysłowiceBrzęczkowice Słupna
100%
MysłowiceBrzezinka Centrum
100%
KatowiceKolonia Stawiska
100%
MysłowiceKosztowy Dzióbka
100%
MysłowiceKosztowy Rynek
100%
MysłowiceMysłowice Bończyka
100%
MysłowiceMysłowice Dworzec PKP
100%
MysłowiceMysłowice Katowicka
100%
MysłowiceMysłowice Kopalnia
100%
KatowiceWilhelmina Krakowska
100%
KatowiceWilhelmina Skrzyżowanie
100%
KatowiceWilhelmina Zespół Szkół
100%
KatowiceZawodzie Centrum Przesiadkowe
100%
*Bieruń*Bieruń Plac Nobla
86%
BieruńBieruń Potok Stawowy
86%
MysłowiceBrzęczkowice Szkoła
86%
MysłowiceBrzezinka Dworcowa
86%
LędzinyHołdunów Kościół
86%
MysłowiceKrasowy Przejazd Kolejowy
86%
MysłowiceKrasowy Rondo
86%
LędzinyLędziny Cegielnia
86%
LędzinyLędziny Droga do Górek
86%
LędzinyLędziny Gospoda
86%
*Bieruń*Bieruń Dom Kultury
71%
*Bieruń*Bieruń Ekonomiczna
71%
BieruńBieruń Rudnik
71%
BieruńBieruń Rudnik
71%
*Bieruń*Bieruń Strefa
71%
LędzinyHołdunów Imielińska
71%
LędzinyHołdunów Przejazd Kolejowy ul. Lędzińska
71%
*Lędziny*Hołdunów Przejazd Kolejowy ul. Pokoju
71%
*Lędziny*Lędziny Kopalnia Ziemowit
71%
LędzinyLędziny Pomnik
71%
LędzinyLędziny Urząd Miasta
71%

Rozkład punktacji

Percentyl według liczby udzielonych odpowiedzi

Procent ludzi z każdym wynikiem

Twoja historia wyników

Nie rozwiązałeś tego quizu